<?xml version="1.0" encoding="UTF-8"?>
<record
    xmlns:xsi="http://www.w3.org/2001/XMLSchema-instance"
    xsi:schemaLocation="http://www.loc.gov/MARC21/slim http://www.loc.gov/standards/marcxml/schema/MARC21slim.xsd"
    xmlns="http://www.loc.gov/MARC21/slim">

  <leader>01966nab a2200277uuc4500</leader>
  <controlfield tag="001">1232823</controlfield>
  <controlfield tag="005">20240202100720.0</controlfield>
  <controlfield tag="008">110222e20101201                    spa  </controlfield>
  <datafield tag="035" ind1=" " ind2=" ">
    <subfield code="a">1232823</subfield>
  </datafield>
  <datafield tag="035" ind1=" " ind2=" ">
    <subfield code="a">(OCoLC)820575320</subfield>
  </datafield>
  <datafield tag="040" ind1=" " ind2=" ">
    <subfield code="c">comduadb</subfield>
  </datafield>
  <datafield tag="041" ind1=" " ind2=" ">
    <subfield code="a">spa</subfield>
  </datafield>
  <datafield tag="100" ind1="1" ind2="0">
    <subfield code="a">Ardila Jaimes, Johan E.</subfield>
    <subfield code="4">aut</subfield>
    <subfield code="e">aut</subfield>
    <subfield code="9">559255</subfield>
  </datafield>
  <datafield tag="245" ind1="1" ind2="0">
    <subfield code="a">Cuerpo extra&#xF1;o en pene: reporte de un caso</subfield>
  </datafield>
  <datafield tag="520" ind1="3" ind2=" ">
    <subfield code="a">La incarceraci&#xF3;n o estrangulaci&#xF3;n del pene por cuerpos extra&#xF1;os es una situaci&#xF3;n poco frecuente, raz&#xF3;n por la cual no se tienen datos sobre la incidencia de esta entidad. Multitud de objetos han sido descritos en las distintas series (anillos de boda, bandas de goma, tuercas met&#xE1;licas, etc) y su etiolog&#xED;a se describe dependiendo del grupo et&#xE1;reo; en los adultos estos objetos son colocados para intensificar la respuesta sexual, como autotratamiento de la disfunci&#xF3;n er&#xE9;ctil o por problemas psiqui&#xE1;tricos y en los ni&#xF1;os en ocasiones son colocados intencionalmente por los padres para prevenir la enuresis y la incontinencia urinaria5. La extracci&#xF3;n de estos objetos requiere de una t&#xE9;cnica adecuada, efectiva y con la menor repercusi&#xF3;n para el paciente, dependiendo del material disponible. Se presenta la experiencia en el manejo de un paciente quien ingresa al servicio de urgencias por edema y equimosis genital externo por la presencia de un cuerpo extra&#xF1;o (anillo met&#xE1;lico) en pene.</subfield>
  </datafield>
  <datafield tag="650" ind1=" " ind2=" ">
    <subfield code="a">Cuerpo extra&#xF1;o</subfield>
    <subfield code="9">59254</subfield>
  </datafield>
  <datafield tag="650" ind1=" " ind2=" ">
    <subfield code="a">Isquemia</subfield>
    <subfield code="9">19573</subfield>
  </datafield>
  <datafield tag="650" ind1=" " ind2="7">
    <subfield code="a">Pene</subfield>
    <subfield code="2">dcs</subfield>
    <subfield code="9">163360</subfield>
  </datafield>
  <datafield tag="700" ind1="1" ind2="0">
    <subfield code="a">Agressott Guerra, Wilmer</subfield>
    <subfield code="4">aut</subfield>
    <subfield code="e">aut</subfield>
    <subfield code="9">614007</subfield>
  </datafield>
  <datafield tag="700" ind1="1" ind2="0">
    <subfield code="a">S&#xE1;nchez G., Jos&#xE9; Gregorio</subfield>
    <subfield code="4">aut</subfield>
    <subfield code="e">aut</subfield>
    <subfield code="9">558340</subfield>
  </datafield>
  <datafield tag="700" ind1="1" ind2="0">
    <subfield code="a">Reyes Merizalde, Luis Eduardo</subfield>
    <subfield code="4">aut</subfield>
    <subfield code="e">aut</subfield>
    <subfield code="9">617482</subfield>
  </datafield>
  <datafield tag="700" ind1="1" ind2="0">
    <subfield code="a">Guzman Chaves, Fernando</subfield>
    <subfield code="4">aut</subfield>
    <subfield code="e">aut</subfield>
    <subfield code="9">559989</subfield>
  </datafield>
  <datafield tag="700" ind1="1" ind2="0">
    <subfield code="a">Escobar Araujo, Hugo</subfield>
    <subfield code="4">aut</subfield>
    <subfield code="e">aut</subfield>
    <subfield code="9">471507</subfield>
  </datafield>
  <datafield tag="773" ind1="0" ind2=" ">
    <subfield code="t">Revista Urolog&#xED;a Colombiana (Bogot&#xE1;)</subfield>
    <subfield code="g">Volumen 19, N&#xFA;mero 03, Diciembre 2010, p. 105-109</subfield>
    <subfield code="w">450266</subfield>
    <subfield code="z">0120789X</subfield>
    <subfield code="0">119730</subfield>
  </datafield>
  <datafield tag="942" ind1=" " ind2=" ">
    <subfield code="c">ARIMP</subfield>
  </datafield>
  <datafield tag="999" ind1=" " ind2=" ">
    <subfield code="c">572147</subfield>
    <subfield code="d">572147</subfield>
  </datafield>
</record>
